Solución de controversias comerciales Internacionales: enfoques multilaterales y regionales. /

Αποθηκεύτηκε σε:
Λεπτομέρειες βιβλιογραφικής εγγραφής
Κύριος συγγραφέας: Granados, Jaime
Μορφή: Κείμενο
Θέματα:
Ετικέτες: Προσθήκη ετικέτας
Δεν υπάρχουν, Καταχωρήστε ετικέτα πρώτοι!

MARC

LEADER 00000 a a2200000 04500
001 13086
003
040
100 |a Granados, Jaime  
245 |a Solución de controversias comerciales Internacionales:   |b enfoques multilaterales y regionales. /  |c Jaime Granados 
650 |a ARREGLO DE CONTROVERSIAS  
650 |a ACUERDOS ECONOMICOS  
650 |a POLITICA INTERNACIONAL  
650 |a RELACIONES INTERNACIONALES  
773 |g volumen 6, número 2; páginas 16-17  
999 |c 25806  |d 25806